000 00745nam a22002297a 4500
003 UA-OsUOA
001 37928
007 ta
008 20070605b un ||||| |||| 00| 0 ukr d
100 _aЛабош Ф.
090 _a95(477).155(Хорватія)
_bЛ12
942 _cBK
040 _aUA-OsUOA
_bscr
_cUA-OsUOA
_dUA-OsUOA
245 _aИстория Русинох Бачкей, Сриму и Славонии 1745-1918
_bдоселєнє, газдовски, просвитни, и духовни живот
300 _a300 с.
955 _a1
041 _ascr
080 _a95(477).155(Хорватія)
260 _aВуковар
_c1979
650 7 _a9 Географія. Біографії. Історія
_2UDC
999 _c436440
_d436440